Lanean...
Politics and ideology in marxist theory/
| Egile nagusia: | |
|---|---|
| Formatua: | Printed Book |
| Hizkuntza: | English |
| Argitaratua: |
London:
Verso,
2011.
|
| LEADER | 00425nam a22001337a 4500 | ||
|---|---|---|---|
| 008 | 170425b xxu||||| |||| 00| 0 eng d | ||
| 020 | |a 978-1-84467-788-7 | ||
| 100 | |a Laclau, Ernesto. | ||
| 245 | |a Politics and ideology in marxist theory/ | ||
| 260 | |a London: |b Verso, |c 2011. | ||
| 300 | |a 203p. | ||
| 942 | |c BK | ||
| 999 | |c 342302 |d 342302 | ||
| 952 | |0 0 |1 0 |4 0 |7 0 |9 392797 |a POL |b POL |c ST1 |d 2017-04-25 |i POL2514 |l 0 |p POL2514 |r 2017-04-25 |w 2017-04-25 |y BK | ||